|
|
|
|
| LEADER |
01255nam a2200409 4500 |
| 001 |
DLU090094119 |
| 005 |
##20091201 |
| 040 |
# |
# |
|a DLU
|b eng
|
| 041 |
# |
# |
|a eng
|
| 044 |
# |
# |
|a us
|
| 245 |
# |
# |
|a Development of a set of simple bacterial biosensors for quantitative and rapid measurements of arsenite and arsenate in potable water /
|c Judith Stocker ... [et al.].
|
| 653 |
# |
# |
|a Bacteria
|
| 653 |
# |
# |
|a Biosensor
|
| 653 |
# |
# |
|a Chemical analysis
|
| 653 |
# |
# |
|a Colorimetry
|
| 653 |
# |
# |
|a Enzyme
|
| 653 |
# |
# |
|a Escherichia coli
|
| 653 |
# |
# |
|a Green fluorescent protein
|
| 653 |
# |
# |
|a Water pollution
|
| 700 |
# |
# |
|a Balluch, Denisa.
|
| 700 |
# |
# |
|a Daunert, Sylvia.
|
| 700 |
# |
# |
|a Feliciano, Jessika.
|
| 700 |
# |
# |
|a Gsell, Monika.
|
| 700 |
# |
# |
|a Harms, Hauke.
|
| 700 |
# |
# |
|a Malik, Khurseed A.
|
| 700 |
# |
# |
|a Meer, Jan Roelof van der.
|
| 700 |
# |
# |
|a Stocker, Judith.
|
| 773 |
# |
# |
|t Environmental Science & Technology
|g Vol. 37, no. 20 (October 2003), p. 4743-4750
|
| 920 |
# |
# |
|a Phòng Tạp chí -- Trung tâm Thông tin - Thư viện Trường Đại học Đà Lạt
|
| 994 |
# |
# |
|a DLU
|
| 900 |
# |
# |
|a True
|
| 911 |
# |
# |
|a Trương Bảo Trâm Anh
|
| 925 |
# |
# |
|a G
|
| 926 |
# |
# |
|a A
|
| 927 |
# |
# |
|a BB
|
| 980 |
# |
# |
|a Thư viện Trường Đại học Đà Lạt
|